[Event "RUS Central Region-ch"]
[Site "Tula "]
[Date "2007.03.22"]
[Round "6"]
[White "Okrugin, Sergey"]
[Black "Tkachenko, Evgeny D"]
[Result "1-0"]
[WhiteElo "2350"]
[BlackElo "2188"]
[PlyCount "83"]
[EventDate "2007.03.17"]
[EventType "swiss"]
[EventRounds "9"]
[EventCountry "RUS"]
[SourceTitle "EXT 2008"]
[Source "ChessBase"]
[SourceDate "2007.11.25"]
[SourceVersion "1"]
[SourceVersionDate "2007.11.25"]
[SourceQuality "1"]

1. e4 d6 2. d4 Nf6 3. Nc3 e6 4. Be3 a6 5. Qf3 d5 6. a3 b5 7. exd5 Bb7 8. Qg3 Nxd5 9. Nxd5 Bxd5 10. Ne2 Nd7 11. Nf4 Bb7 12. Bd3 Nf6 13. f3 Bd6 14. Qf2 0-0 15. 0-0 Nd5 16. Nxd5 Bxd5 17. b3 Qf6 18. c4 Bc6 19. a4 bxa4 20. bxa4 a5 21. Qc2 g6 22. Be4 Ra6 23. Bxc6 Rxc6 24. c5 Bf4 25. Bf2 Ra6 26. Rab1 c6 27. Rb6 Rfa8 28. Qe4 e5 29. g3 Bh6 30. dxe5 Qe6 31. Rd1 Bf8 32. Rxa6 Rxa6 33. Rd8 Ra7 34. Qd4 Qh3 35. Qd6 Qh6 36. e6 fxe6 37. Qxe6+ Rf7 38. Rd7 Qg7 39. Bd4 Bxc5 40. Bxc5 Qa1+ 41. Kg2 Qa2+ 42. Qxa2 1-0

[Event "Serpukhov Lushki-B"]
[Site "Serpukhov"]
[Date "2004.11.29"]
[Round "15"]
[White "Kulago, Alexander"]
[Black "Tkachenko, Evgeny D"]
[Result "0-1"]
[WhiteElo "2095"]
[BlackElo "2107"]
[PlyCount "42"]
[EventDate "2004.11.19"]
[EventType "tourn"]
[EventRounds "17"]
[EventCountry "RUS"]
[EventCategory "1"]
[SourceTitle "CBM 103 Extra"]
[Source "ChessBase"]
[SourceDate "2005.01.01"]
[SourceVersion "1"]
[SourceVersionDate "2005.01.01"]
[SourceQuality "1"]

1. Nf3 g6 2. c4 Bg7 3. d4 d6 4. Nc3 Bg4 5. e4 Nc6 6. Be3 e5 7. dxe5 Nxe5 8. Be2 Nxf3+ 9. gxf3 Bh3 10. Qd2 f5 11. 0-0-0 Nf6 12. Rhg1 fxe4 13. fxe4 0-0 14. Bh6 Qe7 15. Bxg7 Kxg7 16. f4 Nxe4 17. Nxe4 Qxe4 18. Qc3+ Rf6 19. Bf3 Qxf4+ 20. Kb1 Qxf3 21. Rd3 Bf5 0-1

[Event "Serpukhov Lushki-B"]
[Site "Serpukhov"]
[Date "2004.11.23"]
[Round "7"]
[White "Tkachenko, Evgeny D"]
[Black "Dornbusch, Tatiana"]
[Result "0-1"]
[WhiteElo "2107"]
[BlackElo "2316"]
[PlyCount "92"]
[EventDate "2004.11.19"]
[EventType "tourn"]
[EventRounds "17"]
[EventCountry "RUS"]
[EventCategory "1"]
[SourceTitle "CBM 103 Extra"]
[Source "ChessBase"]
[SourceDate "2005.01.01"]
[SourceVersion "1"]
[SourceVersionDate "2005.01.01"]
[SourceQuality "1"]

1. g3 e5 2. Bg2 d5 3. d3 Nf6 4. Nf3 Nc6 5. 0-0 Be7 6. Nbd2 0-0 7. e4 Re8 8. Re1 Bf8 9. c3 a5 10. a4 Rb8 11. exd5 Nxd5 12. d4 exd4 13. Rxe8 Qxe8 14. Nxd4 Nxd4 15. cxd4 Be6 16. Nc4 b6 17. Bd2 Rd8 18. b3 Nb4 19. Bc3 g6 20. Rc1 Bh6 21. Bxb4 Bxc1 22. Bc3 Bxc4 23. d5 Bb2 24. Bxb2 Qe2 25. Qc1 Bd3 26. h4 Re8 27. Qc3 Qe1+ 28. Kh2 Qxc3 29. Bxc3 Bc2 30. d6 cxd6 31. Bd5 Be4 32. Bc4 Bf5 33. Bd4 Rb8 34. Be2 Be6 35. Bd1 b5 36. axb5 Rxb5 37. Bc3 Bxb3 38. Bxb3 Rxb3 39. Bxa5 f5 40. Bc7 d5 41. Kg2 Kf7 42. Kf1 Rb2 43. Kg2 Ke6 44. Kf3 d4 45. Bf4 Kd5 46. Bh6 d3 0-1

[Event "Serpukhov Lushki-B"]
[Site "Serpukhov"]
[Date "2004.11.20"]
[Round "2"]
[White "Melnikova, Yana"]
[Black "Tkachenko, Evgeny D"]
[Result "1-0"]
[WhiteElo "2223"]
[BlackElo "2107"]
[PlyCount "61"]
[EventDate "2004.11.19"]
[EventType "tourn"]
[EventRounds "17"]
[EventCountry "RUS"]
[EventCategory "1"]
[SourceTitle "CBM 103 Extra"]
[Source "ChessBase"]
[SourceDate "2005.01.01"]
[SourceVersion "1"]
[SourceVersionDate "2005.01.01"]
[SourceQuality "1"]

1. e4 g6 2. d4 Bg7 3. Nc3 d6 4. Be3 Nf6 5. Qd2 0-0 6. f3 e5 7. Nge2 exd4 8. Nxd4 d5 9. e5 Nfd7 10. Nxd5 Nxe5 11. Nb5 Na6 12. Ndxc7 Qf6 13. Nd5 Qe6 14. Be2 Rd8 15. c4 Bd7 16. Nbc7 Nxc7 17. Nxc7 Qe7 18. Nd5 Qh4+ 19. Bf2 Qh5 20. 0-0 Bc6 21. f4 Qh6 22. Rad1 Nd7 23. Ne7+ Kh8 24. Nxc6 bxc6 25. Bg4 Nf8 26. Qxd8 Rxd8 27. Rxd8 Bf6 28. Ra8 Kg7 29. Bc5 Ne6 30. Bxe6 fxe6 31. Bf8+ 1-0

[Event "Moscow-ch"]
[Site "Moscow"]
[Date "2000.??.??"]
[Round "4"]
[White "Tkachenko, Evgeny D"]
[Black "Igriashvili, Zurab"]
[Result "0-1"]
[WhiteElo "2186"]
[BlackElo "2425"]
[PlyCount "103"]
[EventDate "2000.05.??"]
[EventType "swiss"]
[EventRounds "9"]
[EventCountry "RUS"]
[SourceTitle "EXT 2001"]
[Source "ChessBase"]
[SourceDate "2000.11.22"]
[SourceVersion "1"]
[SourceVersionDate "2000.11.22"]
[SourceQuality "1"]

1. c4 Nf6 2. Nf3 g6 3. b3 Bg7 4. Bb2 0-0 5. e3 c6 6. Be2 d5 7. 0-0 Nbd7 8. d4 Ne4 9. Nbd2 Ndf6 10. Nxe4 Nxe4 11. Ne5 Be6 12. Rc1 Bxe5 13. dxe5 dxc4 14. Qc2 Qd2 15. Bxc4 Qxc2 16. Rxc2 Bxc4 17. bxc4 Rad8 18. f3 Ng5 19. Kf2 Rd7 20. h4 Ne6 21. Ba3 Rfd8 22. Ke2 c5 23. Bb2 h6 24. Bc3 Rc8 25. Rd2 Rxd2+ 26. Kxd2 Nd8 27. h5 e6 28. Kc2 Nc6 29. hxg6 fxg6 30. Rd1 Rd8 31. Rd6 Kf7 32. Be1 Rxd6 33. exd6 e5 34. Bg3 Ke6 35. Kd3 Kxd6 36. Ke4 Ke6 37. f4 exf4 38. exf4 Na5 39. Bf2 b6 40. g4 Nxc4 41. f5+ gxf5+ 42. gxf5+ Kf6 43. Bh4+ Kf7 44. Kd5 Ne3+ 45. Ke4 Nc2 46. a4 Nd4 47. Bd8 h5 48. a5 bxa5 49. Kd5 Nb3 50. Kc4 a4 51. Kc3 Nd4 52. Kb2 0-1

[Event "Moscow-ch op"]
[Site "Moscow"]
[Date "1998.??.??"]
[Round "4"]
[White "Tkachenko, Evgeny D"]
[Black "Igriashvili, Zurab"]
[Result "1-0"]
[WhiteElo "2210"]
[BlackElo "2360"]
[PlyCount "121"]
[EventDate "1998.??.??"]
[EventType "swiss"]
[EventRounds "9"]
[EventCountry "RUS"]
[SourceTitle "EXT 2000"]
[Source "ChessBase"]
[SourceDate "1999.11.16"]
[SourceVersion "1"]
[SourceVersionDate "1999.11.16"]
[SourceQuality "1"]

1. d3 d5 2. g3 e5 3. Nf3 Bd6 4. Bg2 c6 5. e4 Ne7 6. 0-0 Bg4 7. h3 Bh5 8. c3 dxe4 9. dxe4 Qc7 10. Nbd2 b5 11. a4 Nd7 12. axb5 cxb5 13. Qc2 0-0 14. g4 Bg6 15. Nh4 Nc5 16. Nf5 f6 17. b4 Ne6 18. Ra6 Rad8 19. Qa2 Nc6 20. Qd5 Be8 21. Qxe6+ Bf7 22. Rxc6 Bxe6 23. Rxc7 Bxc7 24. Ne7+ Kf7 25. Nd5 Bb6 26. Nb3 Rc8 27. Bb2 g6 28. Nc5 Bxc5 29. bxc5 Rfd8 30. Ba3 g5 31. Bb4 Rc6 32. Ra1 a6 33. Ba5 Ra8 34. Bb6 Bc8 35. c4 Bb7 36. f3 bxc4 37. Bf1 c3 38. Nxc3 Rcc8 39. Bc4+ Kg7 40. Nd5 Rab8 41. Ne7 Rf8 42. Nf5+ Kh8 43. Kg2 Bc6 44. Kg3 Bd7 45. Nd6 a5 46. Bd5 a4 47. h4 h6 48. Nf5 Kh7 49. hxg5 fxg5 50. Rh1 Rf6 51. Bc7 Re8 52. Bd6 Be6 53. Bxe5 Rxf5 54. gxf5 Bxd5 55. exd5 Rxe5 56. Rd1 a3 57. c6 a2 58. c7 Rxd5 59. c8Q Rxd1 60. Qb7+ Kh8 61. Qb2+ 1-0